Rank Master Chemistry (Record no. 201587)

MARC details
000 -LEADER
fixed length control field 00692nam a22001937a 4500
005 - DATE AND TIME OF LATEST TRANSACTION
control field 20240319111929.0
008 - FIXED-LENGTH DATA ELEMENTS--GENERAL INFORMATION
fixed length control field 090826t xxu||||| |||| 00| 0 eng d
010 ## - LCCN (DPL NO)
LC control number ENG-139727
020 ## - INTERNATIONAL STANDARD BOOK NUMBER
International Standard Book Number 9780071332200
Terms of availability 275.00
035 ## - SYSTEM CONTROL NUMBER
System control number EN-122259
037 ## - SOURCE OF ACQUISITION
Source of stock number/acquisition DBAD/PUB
082 ## - DEWEY DECIMAL CLASSIFICATION NUMBER
Classification number 540
245 ## - TITLE STATEMENT
Title Rank Master Chemistry
Remainder of title For IIT-JEE 2012
260 ## - PUBLICATION, DISTRIBUTION, ETC. (IMPRINT)
Place of publication, distribution, etc New Delhi
Name of publisher, distributor, etc Tata Mc Graw Hill Education Private Limited
Date of publication, distribution, etc 2011
270 ## - ADDRESS
Address 7, West Patel Nagar
City New Delhi
Postal code 110008
300 ## - PHYSICAL DESCRIPTION
Extent 403p.
Dimensions 27cm(pbk)
500 ## - GENERAL NOTE
General note Previous Government Examinations Question Papers
942 ## - ADDED ENTRY ELEMENTS (KOHA)
Source of classification or shelving scheme Dewey Decimal Classification
Item type English Books
Classification part 540
Call number suffix MAS
Edition 1
Holdings
Withdrawn status Lost status Source of classification or shelving scheme Damaged status Not for loan Collection code Home library Current library Date acquired Source of acquisition Cost, normal purchase price Total Checkouts Full call number Barcode Date last seen Copy number Cost, replacement price Koha item type
    Dewey Decimal Classification     Non-fiction Bawana Bawana 19/03/2024 DBAD 275.00   540 MAS EN-123259 19/03/2024 1 275.00 English Books

© Delhi Public Library
Hit Counter
free hit counter